A sangre fría / (Registro nro. 7512)

Detalles MARC
000 -LIDER
fixed length control field 01300cam a2200409 a 4500
001 - NÚMERO DE CONTROL
Identificador de número de control 000008205
003 - IDENTIFICACDOR DE NÚMERO DE CONTROL
control field DO-SdBNP
005 - DATE AND TIME OF LATEST TRANSACTION
control field 20171201140328.0
007 - CAMPOS FIJOS DE DESCRIPCIÓN FÍSICA
fixed length control field 000008205
008 - ELEMENTOS DE LONGITUD FIJA
fixed length control field 090915s2000 dr 000 f spa d
020 ## - ISBN
International Standard Book Number 8481302139
040 ## - FUENTE DE CATALOGACIÓN
Agencia que crea de manera original el registro BPMSU
Idioma de catalogación spa
Agencia que realiza la transcripción BPMSU
082 04 - NÚMERO DE CLASIFICACIÓN DECIMAL DE DEWEY
Classification number 813.54
Item number C246s
100 1# - ASIENTO PRINCIPAL -- NOMBRE PERSONAL
Nombre personal Capote, Truman,
Fechas asociadas con el nombre 1924-1984
240 10 - TITULO UNIFORME
Título uniforme In cold blood.
Idioma de una obra Español
245 10 - MENCIÓN DE TITULO
Título A sangre fría /
Mención de responsabilidad Truman Capote ; traducción de Fernando Rodríguez ; prólogo de Clara Sánchez.
260 ## - PUBLICACIÓN, DISTRIBUCIÓN, ETC. (PIE DE IMPRENTA)
Lugar de publicación, distribución, etc Santo Domingo :
Nombre del editor, distribuidor, etc. El Siglo,
Fecha de publicación, distribución, etc 2000.
300 ## - DESCRIPCIÓN FÍSICA
Extensión 317 p. ;
Dimensiones 21 cm.
490 1# - MENCIÓN DE SERIES
Mención de serie Joyas del milenio
Volume/sequential designation 5
500 ## - NOTA GENERAL
Nota general Traduccion de : In cold blood
534 ## - NOTA SOBRE LA VERSIÓN ORIGINAL
Frase introductoria Título original: In cold blood
600 14 - ENCABEZAMIENTO DE MATERIA--NOMBRE PERSONAL
Nombre personal HICKOCK, RICHARD EUGENE,
Fechas asociadas con el nombre 1931-1965
600 14 - ENCABEZAMIENTO DE MATERIA--NOMBRE PERSONAL
Nombre personal SMITH, PERRY EDWARD,
Fechas asociadas con el nombre 1928-1965
650 #4 - ENCABEZAMIENTO DE MATERIA--TEMÁTICO
Término temático o nombre geográfico como elemento de entrada NOVELA ESTADOUNIDENSE
650 #4 - ENCABEZAMIENTO DE MATERIA--TEMÁTICO
Término temático o nombre geográfico como elemento de entrada LITERATURA ESTADOUNIDENSE
650 #4 - ENCABEZAMIENTO DE MATERIA--TEMÁTICO
Término temático o nombre geográfico como elemento de entrada ASESINATO
Subdivisión geográfica KANSAS
650 #4 - ENCABEZAMIENTO DE MATERIA--TEMÁTICO
Término temático o nombre geográfico como elemento de entrada CRIMEN
Subdivisión geográfica KANSAS
700 1# - ASIENTO SECUNDARIO -- NOMBRE PERSONAL
Nombre personal Sánchez, Clara,
Mención de responsabilidad pról.
700 1# - ASIENTO SECUNDARIO -- NOMBRE PERSONAL
Nombre personal Rodríguez, Fernando,
Mención de responsabilidad tr.
830 #4 - ASIENTO SECUNDARIO DE SERIE--TÍTULO UNIFORME
Título uniforme Joyas del milenio
Nombre de la parte o sección de una obra 5
910 ## - VALIDACIÓN
Validación Validado. Control de calidad MFF
930 #1 - EQUIVALENCE OR CROSS-REFERENCE-UNIFORM TITLE HEADING [LOCAL, CANADA]
Language of a work
Medium of performance for music
Medium
Field link and sequence number
Date of a work
Name of part/section of a work
Miscellaneous information
942 ## - ADDED ENTRY ELEMENTS (KOHA)
Source of classification or shelving scheme Dewey Decimal Classification
Koha item type Libros
945 ## - INFORMACIÓN DE PROCESAMIENTO LOCAL
Información de procesamiento local Inventariado / 2017 VM
956 ## - LOCAL ELECTRONIC LOCATION AND ACCESS (OCLC)
Nombre de host
Número de acceso
Información de compresión
Inicio de sesión
Procesador de solicitud
956 ## - LOCAL ELECTRONIC LOCATION AND ACCESS (OCLC)
Nombre de host VMATEO
Número de acceso 10
Información de compresión 20150225
Inicio de sesión BND01
Procesador de solicitud 00151
Existencias
Withdrawn status Lost status Source of classification or shelving scheme Damaged status Not for loan Collection code Home library Current library Date acquired Source of acquisition Total Checkouts Full call number Barcode Date last seen Copy number Price effective from Koha item type
    Dewey Decimal Classification     Colección Dominicana Biblioteca Pública Metropolitana Salomé Ureña Biblioteca Pública Metropolitana Salomé Ureña 02/25/2015 Donado Fundación Economía y Desarrollo   813.54 C246s BPMSU15040187 02/25/2015 02/25/2015 Libros
    Dewey Decimal Classification     Colección General Biblioteca Pública Metropolitana Salomé Ureña Biblioteca Pública Metropolitana Salomé Ureña 11/16/2016 Donado Fundación Economía y Desarrollo   813.54 C246s BPMSU16111365 11/16/2016 e. 2 11/16/2016 Libros
    Dewey Decimal Classification     Colección General Biblioteca Pública Metropolitana Salomé Ureña Biblioteca Pública Metropolitana Salomé Ureña 11/13/2017 Donado Fundación Economía y Desarrollo   813.54 C246s BPM17110162 11/13/2017 e. 3 11/13/2017 Libros